Warmińsko-Mazurskie najludniejsze miasta Top 15 - Statystyki

Ogólne statystyki
  • Ten quiz został rozwiązany 255 razy
  • Średni wynik to 10 z 15
Statystyki odpowiedzi
Ludność Odpowiedź % Poprawnych
172.970 Olsztyn
99%
121.046 Elbląg
92%
61.237 Ełk
88%
33.128 Iława
78%
29.574 Giżycko
76%
21.914 Mrągowo
76%
33.216 Ostróda
76%
27.453 Kętrzyn
68%
23.932 Bartoszyce
67%
23.698 Szczytno
63%
19.437 Pisz
62%
17.091 Braniewo
53%
16.003 Lidzbark Warmiński
52%
21.358 Działdowo
49%
16.489 Olecko
48%
Nie znaleziono quizów pasujących do podanych kryteriów
Rozkład punktacji
Procent ludzi z każdym wynikiem
Percentyl według liczby udzielonych odpowiedzi
Twoja historia wyników
Nie rozwiązałeś tego quizu